000 00654nam a2200229Ia 4500
003 OSt
005 20220926040447.0
006 a|||||r|||| 00| 0
007 ta
008 220923b |||||||| |||| 00| 0 eng d
037 _cGeneral Book
040 _aRTL
_cRTL
_beng
041 _2eng
_aeng
082 _aX:89MA1p3,N60, K1
110 _aConference on Ergonomics in Industry (London) (1960)
_9343667
245 0 _aProceedings
260 _c1961
650 _aWork Study
_9234105
700 _aConference on Ergonomics in Industry (London) (1960)
_9343668
942 _hX:89MA1p3,N60, K1
_cGB
_2CC
999 _c664836
_d664836